Responses for Show #3234 - Thursday, October 1, 1998

Carolyn White game 3.

Contestants

[<< previous game]

Tim Appling, a high school teacher from Fort Worth, Texas

Liz Holmlund, a retail distributor originally from San Geronimo, California

Carolyn White, a retired management consultant from Tucson, Arizona (whose 2-day cash winnings total $22,000)

[next game >>]

Jeopardy! Round responses

THE VIETNAM WAR
SECOND PLACE
POTPOURRI
AULD LANG SEINFELD
DINOSAUR LORE
"HIT" OR "MISS"
    $100 28
The Green Berets

Carolyn
    $100 8
Silver medal

Tim
    $100 20
Ireland

Carolyn
    $100 2
"Yada, Yada, Yada"

Liz
    $100 7
Eggs

Tim
    $100 1
misspelled it

Liz
    $200 9
USA

Carolyn
    $200 21
Pledge of Allegiance

Tim
    $200 3
Cosmo Kramer

Tim
    $200 10
Vertebrae

Tim
    $200 5
Hit man

Liz
    $300 29
[The end-of-round signal sounds.]

the Ho Chi Minh Trail

Carolyn
    $600 12
(Brazil is the largest.)

Argentina

Tim
    $300 22
Octane

Carolyn
    $300 4
The "Soup Nazi"

Carolyn
    $300 15
Triceratops

Carolyn
    $300 18
(Liz: What is Miss America?)
(Carolyn: What is Miss Universe?)
...
(Alex: Tim, you're in the lead, and both of your opponents have dug themselves a hole! Keep it going!)

Miss USA

CarolynLiz
Triple Stumper
    $400 26
Mekong

Carolyn
    $400 13
Thomas E. Dewey

Triple Stumper
    $400 27
Testosterone

Tim
    $400 6
Newman

Carolyn
    $400 16
Warm-blooded

Tim
    $400 19
Missionary

Liz
    $500 25
Gulf of Tonkin Resolution

Carolyn
    $500 14
(Carolyn: Who was Hillary?)

Tenzing Norgay (the man who was with Hillary)

Carolyn
Triple Stumper
    $500 24
Cygnus

Carolyn
    $500 11
J. Peterman

Tim
    $500 17
(Carolyn: What is a carnivore?)
(Liz: What is a maneater?)

Carnosaur

CarolynLiz
Triple Stumper
    $500 23
(Alex: And we have a minute to go.)

the Hittites

Liz

Scores at the first commercial break (after clue 13):

Carolyn Liz Tim
$900 $400 $1,700

Scores at the end of the Jeopardy! Round:

Carolyn Liz Tim
$2,100 $500 $2,700

Double Jeopardy! Round responses

BACK TO LITERARY BRITAIN
AROUND THE EQUATOR
WEIGHTS & MEASURES
JULY
DAVID LYNCH FILMS
"U" BETCHA!
    $200 1
William Shakespeare

Liz
    $200 4
0

Liz
    $200 6
(Liz: What is a meter?)

a yard

Liz
Triple Stumper
    $200 2
Mike Tyson

Carolyn
    $200 5
"The Elephant Man"

Tim
    $200 15
Umbrella

Liz
    $400 3
Mary Shelley

Tim
    $400 19
Sports Illustrated

Tim
    $400 7
Carpets/Rugs

Carolyn
    $400 9
"Twin Peaks"

Carolyn
    $400 16
"The Untouchables"

Carolyn
    $600 8
William Wordsworth

Liz
    $600 24
Ecuador

Carolyn
    $600 20
Frequency

Liz
    $600 12
(Alex: Were you about to say "Zebrahead"?)
(Liz: Yes, I don't know why.)

Eraserhead

Liz
    $600 17
Utah

Carolyn
    $800 10
(Carolyn: Who is Stevenson?)
(Tim: Who is Keats?)

Sir Walter Scott

CarolynTim
Triple Stumper
    $800 25
Galapagos Islands

Carolyn
    $800 21
(Alex: Less than a minute to go.)

Louisiana & Quebec

Carolyn
    $800 13
"Blue Velvet"

Liz
    $800 18
Uriah

Liz
    $1000 11
(Carolyn: What is Westminster Cathedral?)

St. Paul's Cathedral

CarolynLiz
    $1000 26
(Liz: What is geocentric?)
...
[The end-of-round signal sounds.]

geosynchronous

Liz
Triple Stumper
    $1000 23
Yarn/wool

Liz
    $1,000 14
(Alex: We have found your category, and unfortunately, we must bid it a fond farewell!)

Dune

Liz
    $1000 22
Ursa Minor

Tim

Scores at the end of the Double Jeopardy! Round:

Carolyn Liz Tim
$4,500 $6,300 $3,900

[wagering suggestions for these scores]

Final Jeopardy! Round responses

INVENTORS
TimWho is... ?
$100
CarolynWho was Gutenberg
$4,500
LizWho is Kepler?
$2,701
Johannes Gutenberg

Final scores:

Carolyn Liz Tim
$9,000 $3,599 $3,800
3-day champion: $31,000 3rd place: Corex CardScan 300 & Palm Pilot II 2nd place: Trip to Atlantis Paradise Island Resort, Bahamas

Game dynamics:

Coryat scores:

Carolyn Liz Tim
$4,500 $6,300 $3,600
19 R,
5 W
16 R
(including 1 DD),
4 W
13 R
(including 1 DD),
1 W

Combined Coryat: $14,400

[game clues] [game scores] [suggest correction]

Game tape date: 1998-07-22
The J! Archive is created by fans, for fans. Scraping, republication, monetization, and malicious use prohibited; this site may use cookies and collect identifying information. See terms. The Jeopardy! game show and all elements thereof, including but not limited to copyright and trademark thereto, are the property of Jeopardy Productions, Inc. and are protected under law. This website is not affiliated with, sponsored by, or operated by Jeopardy Productions, Inc. Join the discussion at JBoard.tv.